000 00938nam a2200301 a 4500
001 3349789
003 OSt
005 20230602121043.0
008 850606s1984 ke b 000 0 eng
010 _a 85980116
020 _cSh35.00
040 _aDLC
_cDLC
_dDLC
043 _af-ke---
050 0 0 _aZ678.8.K4
_bW35 1984
082 0 0 _a027.5676/2
_219
100 1 _aWambugu, Charles Kariuki.
245 1 4 _aThe library manager and the functions of a library system /
_cC.K. Wambugu.
260 _aNairobi :
_bKarfa :
_bDistributed by African Book Services,
_c1984.
300 _a40 p. ;
_c21 cm.
490 1 _aResearch publications
504 _aBibliography: p. 39-40.
610 2 0 _aKenya National Library Service.
650 0 _aLibrary administration
_zKenya.
650 0 _aLibraries and state
_zKenya.
830 0 _aResearch publications (Karfa Ltd.)
906 _a7
_bcbc
_corignew
_d3
_encip
_f19
_gy-gencatlg
942 _2ddc
_cBK
999 _c117
_d117